000
00342nam a2200157Ia 4500
100
_a
Murray/W.H/ Pappas/Chris
250
_a
2
942
_c
BK
654
_a
Computer
245
_a
The Visual C++ Handbook
260
_b
Tata Mc Graw hill
_a
New Delhi
_c
1997
082
_a
5.133
_b
MUR
300
_a
1096
546
_a
ENGLISH
999
_c
29967
_d
29967